The evolution of labor relations in Japan : heavy industry, 1853-1955
Tallennettuna:
| Päätekijä: | |
|---|---|
| Aineistotyyppi: | Kirja |
| Kieli: | Undetermined |
| Julkaistu: |
Cambridge
Council on East Asian Studies, Harvard University :
1985
|
| Aiheet: | |
| Tagit: |
Lisää tagi
Ei tageja, Lisää ensimmäinen tagi!
|
| Thư viện lưu trữ: | Trung tâm Học liệu Trường Đại học Cần Thơ |
|---|
| LEADER | 00567nam a2200193Ia 4500 | ||
|---|---|---|---|
| 001 | CTU_85750 | ||
| 008 | 210402s9999 xx 000 0 und d | ||
| 082 | |a 331.0952 | ||
| 082 | |b G662 | ||
| 100 | |a Gordon, Andrew | ||
| 245 | 4 | |a The evolution of labor relations in Japan : | |
| 245 | 0 | |b heavy industry, 1853-1955 | |
| 245 | 0 | |c Andrew Gordon | |
| 260 | |a Cambridge | ||
| 260 | |b Council on East Asian Studies, Harvard University : | ||
| 260 | |c 1985 | ||
| 650 | |a Industrial relations | ||
| 904 | |i Năm | ||
| 980 | |a Trung tâm Học liệu Trường Đại học Cần Thơ | ||